Largest Islands A-Z - Statistics

General Stats
  • This quiz has been taken 133 times
  • The average score is 9 of 25
Answer Stats
Hint Answer % Correct
G Greenland
94%
M Madagascar
84%
B Borneo
74%
J Java
67%
H Honshu
66%
I Iceland
63%
S Sumatra
60%
C Cuba
58%
N New Guinea
58%
E Ellesmere Island
46%
L Luzon
46%
V Victoria Island
37%
K Kyushu
30%
T Tasmania
29%
Z Zealand
14%
D Devon Island
11%
F Flores
9%
A Alexander Island
4%
P Prince of Wales Island
4%
Q Qeshm
3%
W Wrangel Island
3%
Y Yuzhny Island
3%
O October Revolution Island
2%
U Unimak Island
2%
R Roosevelt Island
1%
No matching quizzes found
Score Distribution
Percent of People with Each Score
Percentile by Number Answered
Your Score History
You have not taken this quiz